| Tag |
First Indicator |
Second Indicator |
Subfields |
| LEADER |
00000cam a2200000 a 4500 |
| 001 |
in00001484792 |
| 005 |
20151021072014.0 |
| 008 |
960920m19971999enka b 001 0 eng |
| 010 |
|
|
|a 96044267
|
| 020 |
|
|
|a 0521553091 (hardback : v. 1)
|
| 020 |
|
|
|a 0521560691 (hardback : v. 2)
|
| 035 |
|
|
|a (OCoLC)35637026
|
| 035 |
|
|
|9 AJH3140AM
|
| 040 |
|
|
|a DLC
|c DLC
|d TXA
|d UtOrBLW
|
| 049 |
|
|
|a TXAM
|
| 050 |
0 |
0 |
|a QA164.8
|b .S73 1997
|
| 082 |
0 |
0 |
|a 511/.62
|2 20
|
| 100 |
1 |
|
|a Stanley, Richard P.,
|d 1944-
|
| 245 |
1 |
0 |
|a Enumerative combinatorics /
|c Richard P. Stanley.
|
| 264 |
|
1 |
|a Cambridge ;
|a New York :
|b Cambridge University Press,
|c 1997-1999.
|
| 300 |
|
|
|a 2 volumes :
|b illustrations ;
|c 24 cm.
|
| 336 |
|
|
|a text
|b txt
|2 rdacontent
|
| 337 |
|
|
|a unmediated
|b n
|2 rdamedia
|
| 338 |
|
|
|a volume
|b nc
|2 rdacarrier
|
| 490 |
1 |
|
|a Cambridge studies in advanced mathematics ;
|v 49, 62
|
| 500 |
|
|
|a Volume 1 originally published: Monterey, Calif. : Wadsworth & Brooks/Cole Advanced Books & Software, c1986, in series: The Wadsworth & Brooks/Cole mathematics series.
|
| 504 |
|
|
|a Includes bibliographical references and indexes.
|
| 650 |
|
0 |
|a Combinatorial enumeration problems.
|
| 830 |
|
0 |
|a Cambridge studies in advanced mathematics ;
|v 49, 62.
|
| 948 |
|
|
|a c:dm
|
| 999 |
|
|
|a MARS
|
| 999 |
f |
f |
|s de04c7f5-c727-39c9-ab53-289c56d22833
|i 78a4a385-b48c-3f5b-8433-e10c6ba1e8e5
|t 0
|
| 952 |
f |
f |
|p normal
|a Texas A&M University
|b Galveston Campus
|c Jack K. Williams Library
|d Galveston Stacks
|t 0
|e QA164.8 .S73 1997
|h Library of Congress classification
|i unmediated -- volume
|k v.1(1997)
|m 33620000790382
|
| 952 |
f |
f |
|p normal
|a Texas A&M University
|b College Station
|c Sterling C. Evans Library
|d Evans: Library Stacks
|t 0
|e QA164.8 .S73 1997
|h Library of Congress classification
|i unmediated -- volume
|k v.2
|m A14825198223
|
| 952 |
f |
f |
|p normal
|a Texas A&M University
|b Galveston Campus
|c Jack K. Williams Library
|d Galveston Stacks
|t 0
|e QA164.8 .S73 1997
|h Library of Congress classification
|i unmediated -- volume
|k v.2(1999)
|m 33620001101902
|
| 998 |
f |
f |
|a QA164.8 .S73 1997
|s v.1-2
|t 0
|l Galveston Stacks
|
| 998 |
f |
f |
|a QA164.8 .S73 1997
|s v.2
|t 0
|l Evans: Library Stacks
|